[Event "45th IT Bosna 2015"]
[Site "Sarajevo"]
[Date "2015.05.31"]
[Round "2.7"]
[White "Heberla, Bartlomiej"]
[Black "Bogdanovic, Rajko"]
[Result "1-0"]
[WhiteElo "2556"]
[BlackElo "2268"]
[PlyCount "120"]
[EventDate "2015.05.30"]

1. e4 c5 2. Nc3 Nc6 3. Bb5 Nd4 4. Bc4 a6 5. a4 e6 6. Nge2 g6 7. Nxd4 cxd4 8.
Ne2 Bg7 9. c3 d5 10. exd5 exd5 11. Bd3 dxc3 12. dxc3 Ne7 13. Be3 O-O 14. O-O
Re8 15. Bc2 Nf5 16. Bxf5 Bxf5 17. Qd2 Qd6 18. a5 Rac8 19. h3 Bd7 20. Rfd1 Bc6
21. Bd4 Bxd4 22. Nxd4 Re4 23. f3 Re7 24. Re1 Rce8 25. Rxe7 Qxe7 26. Qf4 Kg7 27.
Kf2 Bd7 28. h4 h5 29. g3 Qc5 30. Qd2 Bb5 31. Re1 Rxe1 32. Qxe1 Bd7 33. Qe5+ Kh7
34. Qf6 Be6 35. Qd8 Kg7 36. Kg2 Bc8 37. Qe8 Qc4 38. Qe5+ Kh7 39. Qe7 Kg7 40.
Kf2 Bh3 41. Ne2 Qb5 42. Qe5+ Kg8 43. b4 Qc6 44. Nf4 Be6 45. Qf6 Kh7 46. Ke3 Qd7
47. Qe5 Qc6 48. Qf6 Qd7 49. Qd4 Qd6 50. Kf2 Qc6 51. Qc5 Qd7 52. Qe3 Qc6 53. Qd4
Qd7 54. Nd3 Qa4 55. Nf4 Qc2+ 56. Ne2 Qa2 57. Ke3 Qa4 58. Qc5 Qd7 59. Qb6 Qa4
60. Kf2 Qc6 1-0

[Event "45th IT Bosna 2015"]
[Site "Sarajevo"]
[Date "2015.05.31"]
[Round "2.8"]
[White "Djoric, Dusan"]
[Black "Dizdarevic, Emir"]
[Result "1/2-1/2"]
[WhiteElo "2268"]
[BlackElo "2546"]
[PlyCount "105"]
[EventDate "2015.05.30"]

1. d4 d5 2. Nf3 c6 3. c4 e6 4. e3 Nf6 5. Nc3 Nbd7 6. Bd3 b6 7. O-O Bb7 8. e4
dxe4 9. Nxe4 Be7 10. Qe2 O-O 11. Rd1 Qc7 12. Nxf6+ Nxf6 13. Ne5 c5 14. dxc5
bxc5 15. b3 Rad8 16. Bb2 Rd6 17. Bc2 Rfd8 18. Rxd6 Rxd6 19. Rd1 Rxd1+ 20. Qxd1
Bd6 21. Qe2 Kf8 22. h3 h6 23. Qe3 Be4 24. Nd3 Bxd3 25. Bxd3 Nd7 26. Qe4 Be5 27.
Bc1 Qa5 28. Qe2 Qc3 29. Qd2 Qa1 30. g3 Bc3 31. Qc2 Ne5 32. Be4 f5 33. Bb7 Nd3
34. Qxd3 Qxc1+ 35. Kg2 Bd4 36. Qe2 Qb2 37. Qxb2 Bxb2 38. Bc8 Ke7 39. f4 g5 40.
Kf3 Bc1 41. Ba6 Kf6 42. Bb5 e5 43. fxe5+ Kxe5 44. Be8 a5 45. Bg6 f4 46. h4 fxg3
47. hxg5 hxg5 48. Kxg3 Kd4 49. Be8 Kc3 50. Kg4 Kb2 51. Kf3 Kxa2 52. Ba4 Ka3 53.
Kg4 1/2-1/2

[Event "45th IT Bosna 2015"]
[Site "Sarajevo"]
[Date "2015.05.31"]
[Round "2.9"]
[White "Antipov, Mikhail Al"]
[Black "Mrndjic, Muamer"]
[Result "1-0"]
[WhiteElo "2523"]
[BlackElo "2263"]
[PlyCount "37"]
[EventDate "2015.05.30"]

1. e4 e6 2. d4 d5 3. Nc3 Nf6 4. Bg5 Be7 5. e5 Nfd7 6. Bxe7 Qxe7 7. Qd2 O-O 8.
f4 a6 9. Nf3 c5 10. Bd3 cxd4 11. Ne2 Nc6 12. O-O-O Qb4 13. Bxh7+ Kxh7 14. Ng5+
Kg8 15. Qd3 f5 16. Qh3 Re8 17. Qh5 Nf8 18. Qf7+ Kh8 19. Rd3 1-0

[Event "45th IT Bosna 2015"]
[Site "Sarajevo"]
[Date "2015.05.31"]
[Round "2.10"]
[White "Vea, Odin Blikra"]
[Black "Jovanovic, Zoran"]
[Result "1-0"]
[WhiteElo "2234"]
[BlackElo "2518"]
[PlyCount "83"]
[EventDate "2015.05.30"]

1. e4 d6 2. d4 Nf6 3. Nc3 e5 4. Nf3 Nbd7 5. g4 Nxg4 6. Rg1 Ngf6 7. Be3 c6 8.
Qd2 g6 9. O-O-O Qe7 10. dxe5 dxe5 11. Ng5 h6 12. Nf3 Nh5 13. Bc4 Bg7 14. Kb1
Qf6 15. Ng5 O-O 16. Nxf7 Rxf7 17. Bxh6 Nf8 18. Bg5 Qf3 19. Qd6 Kh7 20. Be7 Rxe7
21. Qxe7 Qf6 22. Qe8 b5 23. Bb3 Nf4 24. Qd8 Qxd8 25. Rxd8 Bb7 26. Rgd1 Bf6 27.
R8d7+ Nxd7 28. Rxd7+ Kh6 29. Rxb7 Rd8 30. a4 a6 31. Rb6 Rd2 32. Rxc6 Bd8 33.
Rxa6 bxa4 34. Bxa4 Rxf2 35. b4 Rf3 36. Kb2 Rf2 37. Kb3 Rxh2 38. b5 Rh3 39. Kc4
Kg5 40. b6 Rh7 41. Ra7 Rh8 42. Ra8 1-0

[Event "45th IT Bosna 2015"]
[Site "Sarajevo"]
[Date "2015.05.31"]
[Round "2.11"]
[White "Kurajica, Bojan"]
[Black "Hadzovic, Amir"]
[Result "0-1"]
[WhiteElo "2518"]
[BlackElo "2218"]
[PlyCount "66"]
[EventDate "2015.05.30"]

1. Nf3 Nf6 2. c4 d6 3. d4 g6 4. g3 Bg7 5. Bg2 c6 6. O-O Qa5 7. Nc3 Qh5 8. Qb3
O-O 9. e4 e5 10. dxe5 dxe5 11. Ng5 h6 12. Bf3 Bg4 13. Bxg4 Qxg4 14. Qxb7 Nbd7
15. f3 Qh5 16. Nxf7 Kxf7 17. Qxc6 Rac8 18. Qa6 Kg8 19. Be3 Qh3 20. Rad1 h5 21.
Rf2 Kh7 22. b3 Rce8 23. Qxa7 Rf7 24. c5 Ref8 25. Rdf1 h4 26. Ne2 Nxe4 27. fxe4
Nf6 28. Qb6 Ng4 29. c6 Rf3 30. Bc5 R8f6 31. Qa7 Nxh2 32. Qd7 Ng4 33. Nf4 Rxg3+
0-1

[Event "45th IT Bosna 2015"]
[Site "Sarajevo"]
[Date "2015.05.31"]
[Round "2.12"]
[White "Hodzic, Nihad"]
[Black "Savic, Miodrag R"]
[Result "1/2-1/2"]
[WhiteElo "2210"]
[BlackElo "2509"]
[PlyCount "137"]
[EventDate "2015.05.30"]

1. d4 d5 2. c4 e6 3. Nc3 Nf6 4. Nf3 Be7 5. Bf4 c5 6. dxc5 Na6 7. e3 Nxc5 8.
cxd5 exd5 9. Bb5+ Bd7 10. Bxd7+ Qxd7 11. O-O O-O 12. Be5 Rfd8 13. h3 a6 14. a4
Rac8 15. Nd4 Nfe4 16. Nde2 Qf5 17. Bd4 Ne6 18. Nxe4 dxe4 19. Qb3 Rd7 20. Rac1
Rxc1 21. Rxc1 h5 22. Rc8+ Kh7 23. Rb8 Qa5 24. Nc3 Qc7 25. Re8 Qc6 26. Qd1 Bf8
27. Qxh5+ Kg8 28. Qf5 Rxd4 29. Rxf8+ Kxf8 30. exd4 Nxd4 31. Qxe4 Qxe4 32. Nxe4
b6 33. Nc3 Ke7 34. Nd5+ Kd6 35. Nxb6 Kc5 36. Nd7+ Kd6 37. Nb6 Kc5 38. Nd7+ Kd6
39. Nb6 Kc5 40. Nd7+ Kb4 41. Ne5 f6 42. Nd3+ Kxa4 43. f4 a5 44. Kf2 Kb3 45. g4
Kc4 46. Ke3 Kd5 47. f5 Nc2+ 48. Kd2 Nd4 49. Nf4+ Ke4 50. Ne6 Nf3+ 51. Kc3 Ng1
52. h4 Nf3 53. Nxg7 Nxh4 54. Nh5 Ke5 55. Kc4 Ng2 56. Kb5 Ne3 57. b3 Nxg4 58.
Ng7 Ne3 59. Kxa5 Kd6 60. Kb5 Kd5 61. Kb6 Nc2 62. Kb5 Nd4+ 63. Kb4 Nc2+ 64. Kc3
Nd4 65. b4 Nb5+ 66. Kd3 Nd6 67. Ke3 Kc4 68. Kf4 Kxb4 69. Nh5 1/2-1/2

[Event "45th IT Bosna 2015"]
[Site "Sarajevo"]
[Date "2015.05.31"]
[Round "2.13"]
[White "Stojanovic, Dalibor"]
[Black "Pastar, Slaven"]
[Result "1/2-1/2"]
[WhiteElo "2498"]
[BlackElo "2194"]
[PlyCount "68"]
[EventDate "2015.05.30"]

1. e4 c5 2. Nf3 d6 3. d4 cxd4 4. Nxd4 Nf6 5. Nc3 Nc6 6. Be2 e5 7. Nb3 Be7 8.
Be3 Be6 9. Bf3 Bc4 10. Qd2 O-O 11. Nd5 Nxd5 12. exd5 Nb8 13. Na5 Ba6 14. c4 f5
15. g3 f4 16. gxf4 exf4 17. Bd4 Bf6 18. b4 Qe8+ 19. Kf1 b6 20. Re1 Qd7 21. b5
Bxb5 22. cxb5 Qxb5+ 23. Be2 Qxa5 24. Qxa5 bxa5 25. Bxf6 Rxf6 26. Bb5 a6 27. Ba4
Ra7 28. Kg2 Nd7 29. Re7 Rf7 30. Re8+ Nf8 31. Rc1 g5 32. Rcc8 Rf6 33. Rc6 Rd7
34. Ra8 Re7 1/2-1/2

[Event "45th IT Bosna 2015"]
[Site "Sarajevo"]
[Date "2015.05.31"]
[Round "2.14"]
[White "Zildzic, Kenan"]
[Black "Kadric, Denis"]
[Result "0-1"]
[WhiteElo "2181"]
[BlackElo "2493"]
[PlyCount "64"]
[EventDate "2015.05.30"]

1. e4 c5 2. Nc3 d6 3. g3 Nc6 4. Bg2 g6 5. d3 Bg7 6. Nh3 e6 7. Nf4 Nge7 8. h4 h6
9. Be3 b6 10. Qd2 Ne5 11. Nfe2 Ng4 12. d4 Nxe3 13. Qxe3 Ba6 14. dxc5 bxc5 15.
O-O Rb8 16. Rab1 O-O 17. Rfd1 Nc6 18. Qd2 Qb6 19. Na4 Qb4 20. b3 Rfd8 21. Nf4
Bb5 22. Nb2 Qxd2 23. Rxd2 Bc3 24. Rdd1 Nd4 25. Nc4 Bxc4 26. bxc4 Rb4 27. Rxb4
cxb4 28. Bf1 Nxc2 29. Ne2 Bf6 30. Nc1 a5 31. Bd3 Na3 32. Be2 a4 0-1

[Event "45th IT Bosna 2015"]
[Site "Sarajevo"]
[Date "2015.05.31"]
[Round "2.15"]
[White "Popovic, Dusan"]
[Black "Terzic, Ilijas"]
[Result "1-0"]
[WhiteElo "2492"]
[BlackElo "2166"]
[PlyCount "45"]
[EventDate "2015.05.30"]

1. e4 e6 2. d4 d5 3. Nd2 c5 4. Ngf3 a6 5. dxc5 Bxc5 6. Bd3 Nf6 7. Qe2 Nc6 8. c3
O-O 9. O-O e5 10. exd5 Nxd5 11. Nb3 Bb6 12. Rd1 Qe7 13. Bxh7+ Kxh7 14. Rxd5 Be6
15. Ng5+ Kg8 16. Rd1 Bf5 17. Be3 Rfe8 18. Qf3 Qf6 19. Rd6 Qxd6 20. Qxf5 Bxe3
21. Qxf7+ Kh8 22. Qh5+ Kg8 23. Qh7+ 1-0

[Event "45th IT Bosna 2015"]
[Site "Sarajevo"]
[Date "2015.05.31"]
[Round "2.16"]
[White "Szostko, Jakub"]
[Black "Kovacevic, Aleksandar"]
[Result "1/2-1/2"]
[WhiteElo "2153"]
[BlackElo "2486"]
[PlyCount "91"]
[EventDate "2015.05.30"]

1. e4 c5 2. Nf3 d6 3. d4 cxd4 4. Nxd4 Nf6 5. Nc3 a6 6. Bg5 Nbd7 7. Qe2 Qc7 8.
O-O-O e6 9. f4 b5 10. a3 Bb7 11. g4 Be7 12. Bxf6 Bxf6 13. g5 Bxd4 14. Rxd4 e5
15. fxe5 dxe5 16. Rd2 O-O 17. Bg2 Nc5 18. Kb1 Rad8 19. Rhd1 Ne6 20. Nd5 Bxd5
21. exd5 Nf4 22. Qe3 Qd6 23. Be4 Rb8 24. c3 a5 25. h4 Rfc8 26. h5 Nxh5 27. Rh1
g6 28. Qf3 Rc4 29. Rdh2 b4 30. cxb4 axb4 31. Rxh5 gxh5 32. Qxh5 Rxe4 33. Qxh7+
Kf8 34. Qxe4 bxa3 35. Rh8+ Ke7 36. Rxb8 Qxb8 37. d6+ Qxd6 38. bxa3 Qd1+ 39. Kb2
Qd2+ 40. Kb3 Qxg5 41. a4 Qf4 42. Qxf4 exf4 43. Kc3 Kd6 44. Kd3 Kc5 45. Ke4 Kb4
46. Kxf4 1/2-1/2

[Event "45th IT Bosna 2015"]
[Site "Sarajevo"]
[Date "2015.05.31"]
[Round "2.17"]
[White "Kosic, Dragan"]
[Black "Bucan, Eldin"]
[Result "1-0"]
[WhiteElo "2482"]
[BlackElo "2155"]
[PlyCount "95"]
[EventDate "2015.05.30"]

1. d4 Nf6 2. Nf3 g6 3. c4 Bg7 4. Nc3 O-O 5. e4 d6 6. Be2 Na6 7. O-O e5 8. Be3
Ng4 9. Bg5 Qe8 10. Re1 h6 11. Bh4 f5 12. exf5 gxf5 13. h3 Nf6 14. dxe5 dxe5 15.
c5 e4 16. Bxa6 bxa6 17. Nd4 Qg6 18. Nc6 Re8 19. Qd2 Be6 20. Rad1 Kh7 21. Ne5
Qh5 22. Bg3 Rad8 23. Qxd8 Rxd8 24. Rxd8 Qg5 25. h4 Qh5 26. c6 Ng4 27. Nxg4 Qxg4
28. Bxc7 Qxh4 29. Rdd1 Qg4 30. Ne2 e3 31. fxe3 Qe4 32. Bf4 Qxc6 33. Rd6 Qe4 34.
Ng3 Qb4 35. Rc1 Qxb2 36. Rc7 Qa1+ 37. Kh2 Qf6 38. Rxa6 Kg6 39. Rcc6 Kf7 40.
Rxe6 Qxe6 41. Rxe6 Kxe6 42. Kh3 a5 43. Kh4 a4 44. Kh5 Be5 45. Ne2 Kd5 46. Bxe5
Kxe5 47. Nc3 a3 48. Kxh6 1-0

[Event "45th IT Bosna 2015"]
[Site "Sarajevo"]
[Date "2015.05.31"]
[Round "2.18"]
[White "Bjelopoljak, Salko"]
[Black "Gazik, Viktor"]
[Result "0-1"]
[WhiteElo "2084"]
[BlackElo "2445"]
[PlyCount "152"]
[EventDate "2015.05.30"]

1. e4 Nf6 2. e5 Nd5 3. c4 Nb6 4. d4 d6 5. exd6 exd6 6. h3 Nc6 7. Nf3 Bf5 8. a3
Be7 9. Nc3 O-O 10. Be3 Re8 11. Bd3 Bxd3 12. Qxd3 Na5 13. Nd2 d5 14. cxd5 Nxd5
15. O-O Bf6 16. Nce4 Nc6 17. Rac1 Bxd4 18. Rxc6 Bxe3 19. Rc2 Bxd2 20. Rxd2 c6
21. Qc2 Qe7 22. Ng3 Qf6 23. Rd3 g6 24. Rf3 Qe5 25. Qb3 Re7 26. Rd1 Rae8 27. Qc2
h5 28. Qd2 h4 29. Nf1 Qe2 30. Qc1 Kg7 31. Rd2 Qe1 32. Rd1 Qe2 33. Rd2 Qb5 34.
Rd1 Re2 35. b3 Qb6 36. Nd2 Qd4 37. Kf1 Qe5 38. Kg1 Re7 39. Nf1 Qb2 40. Qc4 R7e4
41. Qc5 Re1 42. Rxe1 Rxe1 43. Qc4 Qc1 44. Qxc1 Rxc1 45. g3 hxg3 46. fxg3 b5 47.
Kf2 Ra1 48. b4 f5 49. Ke2 Kf6 50. h4 Ke5 51. Nd2 Ra2 52. Rd3 Rc2 53. Rb3 Rc3
54. Nf3+ Ke6 55. Nd4+ Kd6 56. Kd2 Rxb3 57. Nxb3 Nb6 58. Kc3 Nc4 59. Nc5 Nxa3
60. Nd3 Nc4 61. Kd4 a6 62. Nf4 Ne5 63. h5 gxh5 64. Nxh5 a5 65. Ng7 axb4 66.
Nxf5+ Ke6 67. Ne3 Nd7 68. g4 c5+ 69. Ke4 Nf6+ 70. Kd3 c4+ 71. Kd4 b3 72. Nd1
Nxg4 73. Kc5 Nf2 74. Nc3 b2 75. Kxb5 Ne4 76. Nxe4 b1=Q+ 0-1

[Event "45th IT Bosna 2015"]
[Site "Sarajevo"]
[Date "2015.05.31"]
[Round "2.19"]
[White "Drazic, Sinisa"]
[Black "Mrndjic, Armin"]
[Result "1-0"]
[WhiteElo "2439"]
[BlackElo "2148"]
[PlyCount "113"]
[EventDate "2015.05.30"]

1. d4 g6 2. h4 Bg7 3. h5 d6 4. Nc3 Nd7 5. e4 e5 6. Nf3 exd4 7. Nxd4 Ne5 8. Be2
Nf6 9. h6 Bf8 10. f4 Neg4 11. Bxg4 Nxg4 12. f5 gxf5 13. Nxf5 Bxf5 14. exf5 Qe7+
15. Kf1 Rg8 16. Nd5 Qd7 17. Qe2+ Kd8 18. Rh5 c6 19. Bg5+ Kc8 20. Qxg4 cxd5 21.
Qf3 Qb5+ 22. Kg1 Kc7 23. Re1 Re8 24. Rxe8 Qxe8 25. Qc3+ Kb8 26. Qf6 Qe1+ 27.
Kh2 Qe5+ 28. Kh3 Qxf6 29. Bxf6 Kc7 30. Bg7 Be7 31. f6 Bd8 32. Rxd5 Kc6 33. Rd3
Re8 34. g4 Re5 35. Kh4 Kd7 36. g5 Ke6 37. Rf3 Rf5 38. Rc3 Rc5 39. Rxc5 dxc5 40.
Kg4 Bc7 41. Bf8 b6 42. b3 Be5 43. Be7 Bc7 44. a4 a6 45. c3 Bb8 46. c4 Bc7 47.
a5 b5 48. cxb5 axb5 49. a6 Bb6 50. Bd8 Ba7 51. Kf4 c4 52. bxc4 bxc4 53. Ba5 Kd6
54. Ke4 Ke6 55. Bc3 Bb8 56. Bd4 Kd7 57. Kd5 1-0

[Event "45th IT Bosna 2015"]
[Site "Sarajevo"]
[Date "2015.05.31"]
[Round "2.20"]
[White "Peric, Bernard"]
[Black "Nestorovic, Dejan"]
[Result "1/2-1/2"]
[WhiteElo "2072"]
[BlackElo "2425"]
[PlyCount "113"]
[EventDate "2015.05.30"]

1. d4 Nf6 2. Nf3 e6 3. Bg5 c5 4. e3 Qb6 5. Qc1 Nc6 6. c3 d5 7. Nbd2 Bd6 8. Bd3
h6 9. Bh4 cxd4 10. exd4 Nh5 11. Bg3 Nxg3 12. hxg3 Bd7 13. Qc2 O-O-O 14. O-O-O
Kb8 15. Kb1 Rc8 16. Nf1 g5 17. Qe2 f6 18. Ne3 f5 19. Ne5 Nxe5 20. dxe5 Bc5 21.
Rc1 h5 22. c4 f4 23. gxf4 gxf4 24. Nd1 dxc4 25. Bxc4 Be8 26. f3 Bd4 27. Nc3 Rc5
28. Rhd1 Rxe5 29. Qd3 Be3 30. Rc2 Bc6 31. Qg6 Re8 32. Rd6 Qc5 33. Ne4 Rxe4 34.
Rxc6 Qxc6 35. fxe4 Rd8 36. a3 e5 37. Qf5 Qd6 38. Bd5 Bd4 39. Qxh5 a6 40. Qf7
Rd7 41. Qe8+ Ka7 42. Qc8 Rg7 43. Rc4 Qb8 44. Qh3 Rc7 45. Rb4 b5 46. Rb3 Qb6 47.
a4 b4 48. Qh8 Qc5 49. Qa8+ Kb6 50. Qb8+ Ka5 51. Rxb4 Qxb4 52. Qxc7+ Qb6 53.
Qxb6+ Bxb6 54. b3 Kb4 55. Kc2 Bd4 56. Kd3 a5 57. Bc4 1/2-1/2

[Event "45th IT Bosna 2015"]
[Site "Sarajevo"]
[Date "2015.05.31"]
[Round "2.21"]
[White "Jakovljevic, Vlado"]
[Black "Obad, Andrija"]
[Result "1-0"]
[WhiteElo "2393"]
[BlackElo "2074"]
[PlyCount "65"]
[EventDate "2015.05.30"]

1. Nf3 e6 2. c4 f5 3. d4 Nf6 4. Qc2 Bb4+ 5. Bd2 Be7 6. Nc3 d5 7. Bf4 c6 8. e3
O-O 9. Bd3 Ne4 10. g4 Bd6 11. Bxd6 Qxd6 12. gxf5 exf5 13. cxd5 Nxc3 14. Qxc3
cxd5 15. Ne5 f4 16. O-O-O Be6 17. Kb1 Nd7 18. Rc1 fxe3 19. fxe3 Nxe5 20. dxe5
Qd7 21. Qd4 Bf5 22. Rhd1 Bxd3+ 23. Rxd3 Rad8 24. e4 Qb5 25. exd5 Rf4 26. Qc3
Rf2 27. Rcd1 h6 28. d6 Kh7 29. R3d2 Rxd2 30. Rxd2 Qf1+ 31. Qc1 Qf4 32. Re2 Kh8
33. Qxf4 1-0

[Event "45th IT Bosna 2015"]
[Site "Sarajevo"]
[Date "2015.05.31"]
[Round "2.22"]
[White "Kozarcanin, Sead"]
[Black "Ivanov, Mikhail M"]
[Result "0-1"]
[WhiteElo "2066"]
[BlackElo "2384"]
[PlyCount "58"]
[EventDate "2015.05.30"]

1. e4 c5 2. Nc3 Nc6 3. Nge2 g6 4. g3 Bg7 5. Bg2 Rb8 6. b3 b5 7. Bb2 d6 8. h3 b4
9. Na4 e5 10. a3 a5 11. f4 Nge7 12. axb4 axb4 13. fxe5 Nxe5 14. d4 cxd4 15.
Nxd4 Ba6 16. Qd2 Qc7 17. Kf2 h5 18. Bf1 Bh6 19. Qd1 Bxf1 20. Rxf1 h4 21. gxh4
O-O 22. Bc1 Bg7 23. Bb2 d5 24. Re1 N5c6 25. e5 Bxe5 26. Nxc6 Nxc6 27. Bxe5 Nxe5
28. Re2 Rbe8 29. Qd4 Nf3 0-1

[Event "45th IT Bosna 2015"]
[Site "Sarajevo"]
[Date "2015.05.31"]
[Round "2.23"]
[White "Vajic, Goran"]
[Black "Bryn, Askild"]
[Result "1-0"]
[WhiteElo "2379"]
[BlackElo "2071"]
[PlyCount "99"]
[EventDate "2015.05.30"]

1. e4 c6 2. d4 d5 3. e5 Bf5 4. Ne2 h6 5. Ng3 Bh7 6. Bd3 Bxd3 7. Qxd3 e6 8. O-O
Ne7 9. Bd2 Na6 10. c3 Qd7 11. b4 h5 12. Na3 h4 13. Ne2 Nc7 14. Nc2 b6 15. Ne3
Nf5 16. Rfc1 Be7 17. a3 O-O-O 18. a4 Kb7 19. Nxf5 exf5 20. Rcb1 a6 21. Nc1 g5
22. Nb3 f4 23. Ra2 Ra8 24. Rc2 Rh6 25. h3 g4 26. Bxf4 Rg6 27. g3 Rh8 28. Nc5+
Bxc5 29. bxc5 b5 30. axb5 cxb5 31. f3 gxh3 32. g4 Rhg8 33. Kh1 Ne6 34. Bh2 Ng5
35. Rf2 f6 36. Qf5 Qf7 37. Re1 fxe5 38. Bxe5 Rf8 39. Qd3 Re8 40. f4 Ne4 41.
Rxe4 dxe4 42. Qxe4+ Ka7 43. f5 Rgg8 44. Qc6 Qb7 45. Qxb7+ Kxb7 46. f6 Ref8 47.
f7 Rxg4 48. Bd6 Rxf7 49. Rxf7+ Kc6 50. Ra7 1-0

[Event "45th IT Bosna 2015"]
[Site "Sarajevo"]
[Date "2015.05.31"]
[Round "2.24"]
[White "Petrovic, Marija"]
[Black "Markoja, Boris"]
[Result "0-1"]
[WhiteElo "2049"]
[BlackElo "2372"]
[PlyCount "192"]
[EventDate "2015.05.30"]

1. d4 g6 2. Nf3 Bg7 3. b3 c5 4. Bb2 cxd4 5. Bxd4 Nf6 6. e3 Nc6 7. Bb2 O-O 8.
Be2 d6 9. O-O a5 10. Na3 Nb4 11. c3 Na6 12. c4 Bd7 13. Nd4 Ne4 14. Bf3 Nac5 15.
Qc2 f5 16. Be2 e5 17. Ndb5 Qg5 18. f4 Qe7 19. Nc7 Rad8 20. Nd5 Qe8 21. Rad1 Bc6
22. Nb5 Rf7 23. Nbc3 Qe6 24. Bf3 exf4 25. Nxf4 Qe8 26. Ncd5 Be5 27. Nd3 Nxd3
28. Rxd3 Ng5 29. Bc1 Qf8 30. g3 Nxf3+ 31. Rxf3 Rc8 32. a4 b5 33. axb5 Bxb5 34.
Qd2 Bc6 35. Qxa5 Ra8 36. Qb6 Qc8 37. Qb4 Ra1 38. Rf1 Rb7 39. Qd2 Qe6 40. b4
Rba7 41. Rb3 R7a2 42. Qd3 Ba4 43. Ra3 Bc2 44. Ra8+ Rxa8 45. Qxc2 R8a2 46. Qd3
f4 47. Nxf4 Bxf4 48. exf4 Qe2 49. Qxe2 Rxe2 50. f5 gxf5 51. Bf4 Raa2 52. Rc1
Rg2+ 53. Kf1 Rxh2 54. Kg1 Rag2+ 55. Kf1 Rc2 56. Rxc2 Rxc2 57. Bxd6 Rxc4 58. Ke2
Kf7 59. Kd3 Re4 60. b5 Ke6 61. Bc7 Rb4 62. b6 h5 63. Ke3 Kd5 64. Kf3 Kc6 65.
Bd8 Rg4 66. Bc7 Rd4 67. Ke3 Rb4 68. Kf3 Kd5 69. Bd8 Ke5 70. Bc7+ Kf6 71. Bd8+
Ke6 72. Bc7 Kd7 73. Ke3 h4 74. gxh4 Rxh4 75. Kf3 Rb4 76. Ke3 Ke6 77. Kf3 Kf6
78. Bd8+ Kg6 79. Bc7 Kh5 80. Bd8 Rb1 81. Bc7 Kh4 82. Kf4 Rb5 83. Bd8+ Kh5 84.
Bc7 Kg6 85. Bd8 Rb4+ 86. Kf3 f4 87. Kg4 Kf7 88. Bc7 Ke6 89. Bd8 Ke5 90. Bc7+
Ke4 91. Bxf4 Rxb6 92. Bc7 Rb7 93. Bd6 Rb3 94. Bc7 Rc3 95. Bg3 Rc2 96. Kh3 Kf3
0-1

[Event "45th IT Bosna 2015"]
[Site "Sarajevo"]
[Date "2015.05.31"]
[Round "2.25"]
[White "Bistric, Faruk"]
[Black "Kuzmanovic, Aleksa"]
[Result "1-0"]
[WhiteElo "2370"]
[BlackElo "2062"]
[PlyCount "49"]
[EventDate "2015.05.30"]

1. e4 c5 2. Nf3 d6 3. h3 a6 4. Bd3 g6 5. O-O Bg7 6. c3 Nd7 7. Bc2 c4 8. Qe2 Qc7
9. a4 Ne5 10. Nd4 Qc5 11. b3 cxb3 12. Nxb3 Qc7 13. d4 Nc6 14. a5 Nf6 15. Be3
Bd7 16. N1d2 O-O 17. Nc4 Rab8 18. Nb6 Be8 19. Rfb1 Nd7 20. Nc4 e5 21. Rd1 f5
22. dxe5 dxe5 23. Nc5 f4 24. Ne6 Qc8 25. Nd6 1-0

[Event "45th IT Bosna 2015"]
[Site "Sarajevo"]
[Date "2015.05.31"]
[Round "2.27"]
[White "Arapovic, Vitomir"]
[Black "Kurtcehajic, Suad"]
[Result "1/2-1/2"]
[WhiteElo "2347"]
[BlackElo "2058"]
[PlyCount "58"]
[EventDate "2015.05.30"]

1. e4 c6 2. Nc3 d5 3. Nf3 Bg4 4. h3 Bh5 5. Be2 e6 6. O-O Nd7 7. d4 dxe4 8. Nxe4
Ngf6 9. Ng3 Bg6 10. Nh4 Bd6 11. Nxg6 hxg6 12. Bd3 Bxg3 13. fxg3 Qb6 14. c3 O-O
15. Qc2 e5 16. Be3 e4 17. Bc4 Nd5 18. Rae1 Nxe3 19. Rxe3 Nf6 20. Qb3 Qxb3 21.
Bxb3 Rfe8 22. Rfe1 Re7 23. g4 g5 24. Bc2 Rae8 25. Kf2 g6 26. R1e2 Kg7 27. Ke1
b6 28. Kd2 Rd8 29. Kc1 b5 1/2-1/2

[Event "45th IT Bosna 2015"]
[Site "Sarajevo"]
[Date "2015.05.31"]
[Round "2.28"]
[White "Jusic, Zdenko"]
[Black "Rasidovic, Sead"]
[Result "0-1"]
[WhiteElo "2283"]
[BlackElo "2341"]
[PlyCount "126"]
[EventDate "2015.05.30"]

1. e4 e6 2. d4 d5 3. Nd2 dxe4 4. Nxe4 Bd7 5. Bd3 Bc6 6. Nf3 Nd7 7. O-O Ngf6 8.
Ned2 Be7 9. Re1 O-O 10. c3 b6 11. Nc4 Bb7 12. Bf4 c5 13. Nd6 Bc6 14. Ng5 Bxd6
15. Bxd6 Re8 16. Re3 h6 17. Nf3 Nd5 18. Re1 Qc8 19. Ne5 Nxe5 20. dxe5 Nf4 21.
Be4 Qb7 22. Qf3 Bxe4 23. Rxe4 Ng6 24. h4 Red8 25. h5 Nh8 26. g4 f6 27. Qe2 Nf7
28. Rd1 fxe5 29. Rxe5 Nxe5 30. Qxe5 Qd7 31. Rd3 Rac8 32. g5 hxg5 33. Bf8 Qb7
34. Bd6 Qf7 35. Qxg5 Rd7 36. Kg2 Qf5 37. Qg3 Qxh5 38. Be5 Rf7 39. Rd2 Rcf8 40.
f4 g6 41. Kg1 Rh7 42. Rg2 Qd1+ 43. Kf2 Qd2+ 44. Kg1 Qc1+ 45. Kf2 Qc2+ 46. Ke3
Qf5 47. Qxg6+ Qxg6 48. Rxg6+ Kf7 49. Rf6+ Ke7 50. Rxf8 Kxf8 51. Kd3 Ke8 52. a4
Rh2 53. Bb8 a6 54. b3 Kd7 55. Be5 Kc6 56. c4 Rh3+ 57. Kc2 Rf3 58. Kb2 b5 59. a5
Rf2+ 60. Kb1 bxc4 61. bxc4 Kd7 62. Kc1 Ra2 63. Bc3 Ra4 0-1

[Event "45th IT Bosna 2015"]
[Site "Sarajevo"]
[Date "2015.05.31"]
[Round "2.29"]
[White "Marjanovic, Dejan"]
[Black "Drino, Faris"]
[Result "1/2-1/2"]
[WhiteElo "2340"]
[BlackElo "1774"]
[PlyCount "72"]
[EventDate "2015.05.30"]

1. d4 Nf6 2. Bg5 Ne4 3. h4 h6 4. Bf4 d5 5. Nd2 Nd6 6. Ngf3 Bf5 7. e3 e6 8. a3
Nd7 9. c4 Nxc4 10. Nxc4 dxc4 11. Bxc4 Bd6 12. Bxd6 cxd6 13. Rc1 O-O 14. Nd2 d5
15. Be2 Re8 16. Qb3 Rb8 17. Bd3 Bxd3 18. Qxd3 e5 19. Nb3 exd4 20. Qxd4 Ne5 21.
O-O Nc6 22. Qc5 Qxh4 23. Qxd5 Rbd8 24. Qf3 Ne5 25. Qh3 Qxh3 26. gxh3 Nf3+ 27.
Kh1 Nd2 28. Nxd2 Rxd2 29. b4 Ra2 30. Rc7 Rxa3 31. Rd1 Re6 32. Rxb7 Rg6 33. Rg1
Rf6 34. Kg2 Rg6+ 35. Kh2 Rf6 36. Kg2 Rg6+ 1/2-1/2

[Event "45th IT Bosna 2015"]
[Site "Sarajevo"]
[Date "2015.05.31"]
[Round "2.30"]
[White "Zlobec, Srdjan"]
[Black "Fejzic, Edo"]
[Result "1-0"]
[WhiteElo "2061"]
[BlackElo "1690"]
[PlyCount "81"]
[EventDate "2015.05.30"]

1. d4 Nf6 2. Nf3 g6 3. h3 Bg7 4. Bf4 O-O 5. e3 d6 6. Be2 Nbd7 7. O-O Qe8 8. c4
e5 9. Bh2 Ne4 10. Nc3 Nxc3 11. bxc3 b6 12. Rb1 a5 13. Ne1 Bb7 14. Nc2 f5 15.
Na3 Qe7 16. Nb5 c6 17. Na3 Rad8 18. Re1 Qg5 19. Bf3 f4 20. exf4 exf4 21. Re6
Rf6 22. Qe2 Bf8 23. Rxf6 Qxf6 24. Bg4 d5 25. Nc2 c5 26. Qe6+ Qxe6 27. Bxe6+ Kg7
28. Bxf4 dxc4 29. Bg5 Nf6 30. Rxb6 Be4 31. f3 Ba8 32. Ra6 Be7 33. Ra7 Kf8 34.
Bxc4 cxd4 35. Bxf6 Bxf6 36. Rf7+ Ke8 37. Rxf6 Rc8 38. Na3 dxc3 39. Re6+ Kd7 40.
Re3 Re8 41. Bb5+ 1-0

[Event "45th IT Bosna 2015"]
[Site "Sarajevo"]
[Date "2015.05.31"]
[Round "2.32"]
[White "Karup, Edin"]
[Black "Strinic, Halid"]
[Result "0-1"]
[WhiteElo "2156"]
[BlackElo "2103"]
[PlyCount "100"]
[EventDate "2015.05.30"]

1. e4 c5 2. Nf3 d6 3. d4 cxd4 4. Nxd4 Nf6 5. Nc3 a6 6. Bg5 Nbd7 7. f4 e6 8. Bc4
Qc7 9. Qe2 b5 10. Bxe6 fxe6 11. Nxe6 Qb8 12. Nd5 Ra7 13. O-O-O Kf7 14. Nd8+ Kg8
15. Nc6 Qa8 16. Nxa7 Qxa7 17. e5 Nxd5 18. Rxd5 Nb6 19. Rdd1 h6 20. Bh4 Qf7 21.
Kb1 Nd5 22. Qe4 Nxf4 23. exd6 g5 24. Bg3 Bf5 25. Qa8 Kh7 26. Qxa6 Bg7 27. Bxf4
gxf4 28. Qxb5 Ra8 29. Qd5 Qf8 30. Rhe1 Rb8 31. Rd4 Qf6 32. Re7 Kg6 33. Rxg7+
Kxg7 34. d7 Rd8 35. Qc5 Rxd7 36. Rxd7+ Bxd7 37. Qc7 Qd4 38. b3 Kg6 39. a4 Bf5
40. Qc6+ Kg5 41. g3 Qd1+ 42. Kb2 f3 43. Qe8 Qxc2+ 44. Ka3 Kg4 45. Qe3 f2 46.
Qf4+ Kh3 47. g4 Kg2 48. Qg3+ Kh1 49. Qf3+ Kxh2 50. gxf5 Qc1+ 0-1

[Event "45th IT Bosna 2015"]
[Site "Sarajevo"]
[Date "2015.05.31"]
[Round "2.33"]
[White "Lakovic, Mustafa"]
[Black "Maksimovic, Bojan"]
[Result "0-1"]
[WhiteElo "2110"]
[BlackElo "1891"]
[PlyCount "74"]
[EventDate "2015.05.30"]

1. Nf3 Nf6 2. c4 g6 3. g3 Bg7 4. Bg2 O-O 5. O-O d6 6. d4 Nbd7 7. Nc3 c6 8. e4
Qc7 9. h3 e5 10. Be3 a6 11. a3 b5 12. cxb5 axb5 13. Rc1 Qa5 14. dxe5 dxe5 15.
Qd6 Bb7 16. Nxe5 Nxe5 17. Qxe5 Nd5 18. Qd6 Nxe3 19. fxe3 Rad8 20. Qc5 Rfe8 21.
Rcd1 Qc7 22. Qg5 Be5 23. g4 Kg7 24. Qh4 Bc8 25. Qf2 Qe7 26. Bh1 Be6 27. Bf3 h6
28. Rxd8 Rxd8 29. Rd1 Rxd1+ 30. Nxd1 Qd8 31. Qc2 Qh4 32. Qg2 h5 33. Nf2 hxg4
34. Bxg4 Bc4 35. b4 Qd8 36. Qf3 Qd2 37. Nd1 Qh2# 0-1